[Event "V Sunway Sitges Open 2018"]
[Site "Sitges"]
[Date "2018.12.17"]
[Round "4"]
[White "Kadric, Denis"]
[Black "Pogorelov, Ruslan"]
[Result "1/2-1/2"]
[WhiteElo "2554"]
[BlackElo "2354"]
[Annotator "TA"]
[PlyCount "150"]
[EventDate "2018.12.14"]
[EventType "swiss"]
[EventCountry "ESP"]
[SourceTitle "playchess.com"]
[Source "ChessBase"]
[SourceQuality "1"]

{[%evp 19,150,13,27,25,41,33,25,34,45,39,18,18,47,0,0,0,0,0,95,89,92,95,213,203,216,215,215,225,581,375,338,312,371,348,318,308,308,311,316,106,120,121,122,117,130,102,103,76,76,76,76,80,92,0,76,76,76,77,82,81,85,70,94,72,71,58,58,52,57,56,71,72,78,63,79,79,103,74,75,72,76,51,51,51,53,53,67,60,68,53,380,380,339,243,5219,3754,29948,29953,29954,29957,29954,29957,29963,29964,29966,29968,29965,29969,29969,29970,29969,29971,29969,29972,29969,29973,29971,29964,29957,8,8,8,8,8,8,8,8,8,8,8,8,8,8]} 1. e4 c6 2. d4 d5 3. e5 c5 4. dxc5 e6 5. Nf3 Bxc5 6. Bd3 {B12: Caro-Kann: Advance Variation} (6. a3 Nd7 7. Bd3 f6 8. b4 Be7 9. Bb2 fxe5 10. Nxe5 Nxe5 11. Bxe5 Bf6 12. O-O Nh6 13. Bxf6 Qxf6 {1-0 (70) Jakovenko,D (2735)-Fedoseev,V (2706) Poikovsky 2018}) 6... Ne7 7. O-O Nbc6 8. a3 Ng6 9. b4 {[%cal Bb2b4,Bb4b5][%mdl 32]} Bb6 10. Bb2 Nf4 {LiveBook: 18 Games} 11. c4 O-O 12. c5 Nxd3 $146 ({Predecessor:} 12... Bc7 13. Re1 Nxd3 14. Qxd3 Ne7 15. Nc3 b6 16. cxb6 Bxb6 17. Na4 Bd7 18. Nxb6 axb6 19. Nd4 Ba4 20. Rac1 {½-½ (20) Kadric,D (2500)-Fier,A (2580) Sarajevo 2018}) 13. Qxd3 Bc7 14. b5 Ne7 $1 15. Nbd2 {[%cal Bb1d2,Bd2b3,Bb3d4][%mdl 32]} Bd7 16. Nb3 (16. Ng5 Ng6 $11) 16... Qe8 17. a4 (17. Ng5 Ng6 $17) 17... a6 {[%cal Ra6b5]} 18. Nbd4 (18. Ng5 Ng6 $17) 18... axb5 (18... f6 $1 $11 {keeps the balance.}) 19. axb5 $16 (19. Nxb5 $6 Qb8 $11) 19... Rxa1 20. Rxa1 $40 {[%mdl 128] Black is in trouble.} Qb8 (20... f6 $16) 21. Ba3 $1 $18 {aiming for c6.} (21. Ng5 Ng6 $11) 21... Re8 {[#]} 22. c6 $1 {[%mdl 512]} Bc8 (22... bxc6 23. bxc6) 23. b6 (23. Ng5 Nf5 $16) 23... Bxe5 $2 (23... Bxb6 {is more resistant.} 24. Bd6 Bc7) 24. c7 Bxc7 25. bxc7 Qxc7 26. Nb5 ({Not} 26. Ng5 Ng6 $16) 26... Qf4 27. Bxe7 Rxe7 28. g3 Qb4 29. Qa3 $2 (29. Ng5 $18 {is more deadly.} g6 30. Ra8) 29... Qxa3 $16 30. Rxa3 {Hoping for Nd6.} Bd7 31. Nd6 {Strongly threatening Ra8+.} g6 32. Ra7 Bc6 33. Nd4 Kf8 34. Ra8+ Kg7 35. Rc8 Ba4 36. Ra8 Bc6 $1 37. Nxc6 bxc6 {[%mdl 4096] Endgame KRN-KR} 38. Rc8 g5 39. Rxc6 Kf6 40. Nb5 Ke5 41. Rc1 Rb7 42. Re1+ Kf6 43. Rb1 Ke5 44. Kf1 Rb6 45. Ke2 Ra6 46. Nc3 Rc6 47. Kd3 Rc4 48. Re1+ Kf6 49. Ra1 h5 50. Ra4 Rxa4 51. Nxa4 $14 {KN-KP} Kf5 52. f3 {[%cal Bf2f3,Bf3f4][%mdl 32]} e5 53. Nc3 $1 {[%cal Rc3d5]} Ke6 54. Ne2 g4 $2 {[%mdl 8192]} (54... Kf5 $14) 55. f4 $18 f6 56. Nc3 d4 $2 (56... Kd6 57. Nd1 Kd7) 57. Nb5 $1 exf4 {[#]} 58. Ke4 $1 f3 59. Nxd4+ Kf7 60. Nf5 Ke6 {[#]} 61. Ne3 $1 {[%cal Re3d1]} Kf7 62. Nd1 Kg6 63. Kf4 Kf7 64. Kf5 Kg7 65. Nf2 Kf7 66. h3 gxh3 67. Nxh3 {KN-K3P} Kg7 68. Kf4 Kg6 69. Kxf3 $2 {KN-KPP} (69. Ke3 {mates} h4 70. g4 (70. gxh4 Kh5 $11) (70. Kxf3 hxg3 71. Kxg3 Kh7 $11) 70... Kh6 71. Kxf3 Kg7 72. Kf4 Kf7 73. Ng1 Ke6 74. Nf3) 69... Kf5 $11 {The position is equal.} 70. Nf4 Kg5 71. Ng2 f5 72. Kf2 Kg4 73. Ne3+ Kg5 74. Kf3 h4 75. gxh4+ Kxh4 {Precision: White = 69%, Black = 51%.} 1/2-1/2

[Event "V Sunway Sitges Open 2018"]
[Site "Sitges"]
[Date "2018.12.17"]
[Round "4"]
[White "Kelires, Andreas"]
[Black "Demianjuk, Alexander"]
[Result "1-0"]
[WhiteElo "2535"]
[BlackElo "2344"]
[Annotator "TA"]
[PlyCount "133"]
[EventDate "2018.12.14"]
[EventType "swiss"]
[EventCountry "ESP"]
[SourceTitle "playchess.com"]
[Source "ChessBase"]
[SourceQuality "1"]

{[%evp 16,133,9,17,15,23,36,0,0,0,0,0,0,0,0,0,0,-6,0,-10,0,-13,-14,-9,19,11,16,8,23,27,102,100,87,100,136,100,90,97,87,102,102,102,100,95,145,135,145,125,161,149,153,154,155,150,160,133,134,133,169,162,189,182,192,182,196,193,225,200,179,192,216,178,269,265,263,263,288,278,337,326,330,331,381,380,375,352,387,376,414,426,383,298,419,408,1177,973,656,555,565,563,540,533,659,659,785,776,768,768,746,704,29976,29977,29979,29980,29980,29981,29981,29982,29982,29983]} 1. d4 Nf6 2. Nf3 g6 3. Bg5 Bg7 4. Nbd2 O-O 5. e3 d6 6. c3 c5 7. Bc4 Nbd7 8. O-O {A48: 1 d4 Nf6 2 Nf3 g6: Torre, London and Colle Systems} b6 9. a4 {LiveBook: 3 Games} h6 $146 ({Predecessor:} 9... Bb7 10. Qe2 Rc8 11. Ba6 Qc7 12. a5 Rfe8 13. h3 e5 14. dxe5 dxe5 15. Bxb7 Qxb7 16. axb6 axb6 {1-0 (49) Kodinets,K (2409)-Moiseenko,A (2618) bereg.ru Int 2003}) 10. Bh4 {The position is equal.} d5 11. Be2 g5 12. Bg3 Nh5 13. a5 Nxg3 14. hxg3 Bb7 15. Bb5 Qc7 16. Qe2 Bc6 17. e4 dxe4 18. Nxe4 Bxb5 19. Qxb5 g4 20. Nh4 $36 {[%mdl 2048] White is pushing.} e6 21. Rfd1 Rfd8 22. d5 Ne5 (22... Qe5 $1 $11 {keeps the balance.} 23. dxe6 Qxe6) 23. dxe6 $16 fxe6 24. axb6 Qxb6 25. Qxc5 {Threatens to win with Rxd8+.} Rxd1+ 26. Rxd1 {Qe7 is the strong threat.} Qxc5 27. Nxc5 Kf7 28. f4 gxf3 29. Nxf3 Nxf3+ 30. gxf3 {[%mdl 4096] Endgame KRB-KRN} Bf8 31. Ne4 Ke8 32. Kf2 a5 33. Ke3 Rb8 34. Rd2 a4 35. Rh2 Kf7 36. Kd3 Rb6 37. Kc2 e5 38. Rh1 Ke6 39. Re1 Rb8 40. Nd2 Kd5 41. Ra1 Ra8 42. Kd3 Ke6 43. Ke4 a3 (43... Bc5 $142 44. Nc4 a3 45. bxa3 Ra4) 44. bxa3 $18 Ra4+ 45. Kd3 Kf5 46. Nc4 e4+ 47. fxe4+ Kg4 48. Rg1 Ra6 49. Ne3+ Kh3 50. Nf5 Rxa3 51. Rb1 Ra8 52. Rb5 Kg4 53. Rb6 Kf3 (53... Rd8+ {keeps fighting.} 54. Ke2 Kg5) 54. Rg6 Re8 (54... Rd8+ $142 55. Nd4+ Kg2) 55. Nd4+ Kf2 {[#]} 56. e5 $1 {[%cal Be4e5,Be5e6][%mdl 32]} Ba3 (56... Rxe5 57. Rf6+) 57. e6 h5 58. Ke4 Rc8 59. Nb5 Be7 60. Rg7 Bc5 61. Kd5 Bf8 62. Nd6 Bxd6 63. Kxd6 {White mates.} Rxc3 64. e7 Rd3+ 65. Ke6 Re3+ 66. Kf7 Rf3+ 67. Kg8 {Accuracy: White = 80%, Black = 40%.} 1-0

[Event "V Sunway Sitges Open 2018"]
[Site "Sitges"]
[Date "2018.12.17"]
[Round "4"]
[White "Harutyunian, Tigran K."]
[Black "Shubin, Kirill"]
[Result "1-0"]
[WhiteElo "2528"]
[BlackElo "2334"]
[Annotator "TA"]
[PlyCount "101"]
[EventDate "2018.12.14"]
[EventType "swiss"]
[EventCountry "ESP"]
[SourceTitle "playchess.com"]
[Source "ChessBase"]
[SourceQuality "1"]

{[%evp 19,101,26,40,35,39,50,45,29,72,40,51,43,58,42,50,29,36,29,29,22,25,14,29,22,22,19,30,27,43,44,64,49,54,16,31,16,24,0,56,62,60,62,55,64,66,20,222,219,193,205,199,184,190,205,400,400,472,471,1210,995,1174,1193,1192,1157,1102,1010,1197,1189,1044,935,1409,1369,1213,1152,1033,1003,1272,1198,1331,1275,1293,1258,2451,2325]} 1. d4 e6 2. c4 Nf6 3. Nf3 Bb4+ 4. Bd2 a5 5. g3 d6 6. Bg2 Nbd7 7. O-O e5 8. e3 Bxd2 {E11: Bogo-Indian} (8... c6 9. Bc3 e4 10. Ne1 O-O 11. a3 Bxc3 12. Nxc3 Re8 13. f3 exf3 14. Qxf3 Nb6 15. b3 a4 16. c5 dxc5 17. dxc5 {½-½ (60) Bacrot,E (2705)-Fressinet,L (2706) Calvi 2013}) 9. Nfxd2 O-O 10. Nc3 Re8 {LiveBook: 4 Games. White has an edge.} 11. Qc2 Nf8 {[%cal Bd7f8,Bf8e6,Be6c5,Bc5e4][%mdl 32]} 12. dxe5 $146 ({Predecessor:} 12. a3 c6 13. d5 cxd5 14. cxd5 Bd7 15. Rfc1 b5 16. Nde4 Nxe4 17. Nxe4 Rc8 18. Qd2 Qb6 19. b4 a4 20. Rxc8 Rxc8 21. Rc1 Rxc1+ {½-½ (21) Xu,J (2495)-Smyslov,V (2550) Subotica 1987}) 12... Rxe5 13. Nf3 Rh5 14. h4 Ne6 15. Ne2 Rc5 16. Rfd1 Rb8 17. Nfd4 Bd7 18. Qd3 Re5 19. Nf3 Nc5 20. Qa3 Rh5 21. Nf4 Rf5 22. Qc3 Nce4 23. Qc2 Qe8 24. Rd4 Rc5 25. Ne1 {[%cal Rg2e4]} Re5 26. Ned3 {next Nd5 is good for White.} Re7 27. c5 $36 {[%mdl 2048] White is pushing.} Bf5 28. Nd5 Nxd5 (28... Nxc5 $11 29. Nxe7+ Qxe7) 29. Rxd5 $14 g6 30. cxd6 Nxd6 31. Rxa5 b5 {White should prevent ...Nc4.} 32. a4 {[%cal Ba2a4,Ba4a5][%mdl 32] Threatening axb5.} b4 $2 (32... Rd8 $1 $11 {and Black is okay.}) 33. Rd5 $18 Be4 34. Bxe4 Nxe4 35. a5 c6 36. Rd4 c5 $2 (36... b3 {was necessary.} 37. Qd1 c5) 37. Nxc5 Nxc5 38. Qxc5 {White is clearly winning.} Rxe3 (38... Rc8 $142 39. Qb6 Rb8) 39. fxe3 Qxe3+ 40. Kg2 {Threatens to win with Rd8+!} Qe2+ 41. Kh3 Qe6+ 42. Rg4 Rc8 43. Qb5 Rd8 44. Rc1 Rd4 {[#]} 45. Qb8+ $1 Kg7 {[#]} 46. Qc8 $1 {[%mdl 512] Qxe6 would kill now.} Rd7 47. Qc6 Rd6 48. Qe4 Qd7 49. Qe5+ f6 50. Qc5 Qe6 51. Qc8 {Accuracy: White = 46%, Black = 44%.} 1-0

[Event "V Sunway Sitges Open 2018"]
[Site "Sitges"]
[Date "2018.12.17"]
[Round "4"]
[White "Alonso Rosell, Alvar"]
[Black "Lagarde, Maxime"]
[Result "1-0"]
[WhiteElo "2524"]
[BlackElo "2616"]
[Annotator "TA"]
[PlyCount "54"]
[EventDate "2018.12.14"]
[EventType "swiss"]
[EventCountry "ESP"]
[SourceTitle "playchess.com"]
[Source "ChessBase"]
[SourceQuality "1"]

{[%evp 21,54,14,55,0,6,-2,37,40,38,1,9,-18,-28,-12,65,76,121,64,62,54,107,114,325,325,455,442,470,403,1241,659,2134,620,29990,2101,29994]} 1. d4 Nf6 2. Nf3 g6 3. g3 Bg7 4. Bg2 O-O 5. O-O d6 6. b3 c5 7. c4 d5 8. Bb2 cxd4 9. Nxd4 e5 {A49: 1 d4 Nf6 2 Nf3 g6 3 g3: Anti-King's Indian systems} 10. Nf3 e4 11. Nd4 e3 {LiveBook: 3 Games. The position is equal.} 12. f3 $146 ({Predecessor:} 12. fxe3 Ng4 13. Qd2 dxc4 14. bxc4 Qe7 15. e4 Rd8 16. e3 Nc6 17. e5 Ncxe5 {0-1 (35) Vidit,S (2689)-Pichot,A (2544) Doha 2016}) 12... dxc4 13. Na3 c3 14. Bxc3 Qe7 15. Nc4 Rd8 {Threatens to win with ...Nd5.} 16. Qc1 Nd5 17. Bb2 b6 ({Black should try} 17... Bxd4 $11 18. Bxd4 Nc6) 18. f4 $36 {[%mdl 2048] Black is under strong pressure.} Bb7 {[#]} 19. Ne5 (19. f5 $1 $16) 19... Qe8 20. Rd1 Na6 {[#]} (20... Bxe5 $14 21. fxe5 Na6) 21. Ndc6 $1 $16 Rac8 $2 (21... Bxe5 $16 {keeps fighting.} 22. Nxe5 Rac8) 22. Bxd5 $18 Bxe5 {[#]} 23. Bxf7+ $1 {[%mdl 512]} Kxf7 (23... Qxf7 24. Rxd8+) 24. Qc4+ ({Don't do} 24. Nxd8+ Rxd8 25. Qc4+ (25. fxe5 Rxd1+ 26. Qxd1 Qc6 $18) 25... Qe6 $18) ({Weaker is} 24. Rxd8 Rxc6 25. Rxe8 (25. Qxe3 Qxd8 26. Qxe5 Qf8 $15) 25... Rxc1+ 26. Rxc1 Bxb2 $16) (24. Nxe5+ Kg8 $18) 24... Kg7 (24... Qe6 $142) 25. Bxe5+ Kh6 26. Rxd8 (26. f5 $142 g5 27. h4) 26... Rxd8 27. Nxd8 (27. f5 $142 Qxe5 28. Nxe5 Rf8 29. Qh4+ Kg7 30. Qe7+ {[%mdl 64] Double Attack} Kg8 31. f6 Rxf6 32. Qxf6) 27... Qxd8 {Accuracy: White = 50%, Black = 21%.} 1-0

[Event "V Sunway Sitges Open 2018"]
[Site "Sitges"]
[Date "2018.12.17"]
[Round "4"]
[White "Santos Ruiz, Miguel"]
[Black "Raja, Rithvik R"]
[Result "1-0"]
[WhiteElo "2523"]
[BlackElo "2415"]
[Annotator "TA"]
[PlyCount "35"]
[EventDate "2018.12.14"]
[EventType "swiss"]
[EventCountry "ESP"]
[SourceTitle "playchess.com"]
[Source "ChessBase"]
[SourceQuality "1"]

{[%evp 12,35,8,5,0,0,0,7,9,6,27,31,22,31,33,41,96,94,97,96,847,932,1383,1386,29985,29987]} 1. Nf3 d5 2. e3 Nf6 3. c4 e6 4. b3 Bd6 5. Bb2 O-O 6. Nc3 {A13: English Opening: 1...e6} b6 7. cxd5 {LiveBook: 3 Games} (7. g3 Bb7 8. Bg2 dxc4 9. bxc4 e5 10. O-O Nbd7 11. Qc2 Re8 12. d4 {1-0 (45) Wei,Y (2735)-Inarkiev,E (2690) Magas 2018}) 7... exd5 8. Nb5 $146 {The position is equal.} ({Predecessor:} 8. Be2 c5 9. d4 Bb7 10. O-O Nc6 11. Rc1 Re8 12. Nb5 Bf8 13. dxc5 bxc5 14. Bxf6 gxf6 15. Nh4 Ne5 16. Nf5 Qd7 17. Ng3 a6 18. Nc3 Qc6 {0-1 (43) Kurajica,B (2516)-Del Rio de Angelis,S (2522) Santa Cruz de La Palma 2016}) 8... Be7 9. Be5 Ne8 10. Qc2 {[%cal Re5c7]} Na6 11. a3 c5 12. d4 $36 {[%mdl 2048] White is pushing.} Bb7 13. Bd3 g6 {[#]} ({Black should play} 13... h6 $14) 14. h4 $1 $16 {[%cal Rh4h5] Hoping for h5.} Bf6 15. h5 Kg7 $2 {[%mdl 8192]} (15... Qe7 $16) 16. hxg6 $18 hxg6 {[#]} 17. Bxg6 $1 {[%mdl 512]} fxg6 18. Ng5 {Accuracy: White = 100%, Black = 31%.} 1-0

[Event "V Sunway Sitges Open 2018"]
[Site "Sitges"]
[Date "2018.12.17"]
[Round "4"]
[White "Stella, Andrea"]
[Black "Edouard, Romain"]
[Result "1/2-1/2"]
[WhiteElo "2503"]
[BlackElo "2644"]
[Annotator "TA"]
[PlyCount "30"]
[EventDate "2018.12.14"]
[EventType "swiss"]
[EventCountry "ESP"]
[SourceTitle "playchess.com"]
[Source "ChessBase"]
[SourceQuality "1"]

{[%evp 19,30,11,28,14,29,34,45,47,68,29,29,33,51]} 1. d4 Nf6 2. c4 e6 3. Nc3 Bb4 4. e3 O-O 5. Bd3 c5 6. a3 Bxc3+ 7. bxc3 d6 8. e4 e5 9. Ne2 Nc6 10. O-O h6 {[%cal Rc5d4] LiveBook: 26 Games} 11. Rb1 {E29: Nimzo-Indian: Sämisch: 5...0-0 6 e3 c5 7 Bd3 Nc6} (11. h3 Qe8 12. d5 Nb8 13. f4 Nbd7 14. f5 Nb6 15. g4 Qa4 16. Qe1 Nxc4 17. g5 hxg5 18. Bxg5 Nh7 {1-0 (36) Jobava,B (2707)-Shimanov,A (2516) Warsaw 2010}) 11... b6 12. d5 Ne7 13. Ng3 $146 ({Predecessor:} 13. Qc2 Ng6 14. f3 Kh8 15. Kh1 Bd7 16. g3 Qe8 17. Be3 Ng8 18. Rbe1 N8e7 {1-0 (35) Aleksandrov,A (2603)-Khoroshev,N (2319) Tashkent 2015}) 13... Nh7 14. Nf5 Nxf5 15. exf5 Qf6 1/2-1/2

[Event "V Sunway Sitges Open 2018"]
[Site "Sitges"]
[Date "2018.12.17"]
[Round "4"]
[White "Sosa, Tomas"]
[Black "Romanov, Evgeny"]
[Result "0-1"]
[WhiteElo "2488"]
[BlackElo "2614"]
[Annotator "TA"]
[PlyCount "48"]
[EventDate "2018.12.14"]
[EventType "swiss"]
[EventCountry "ESP"]
[SourceTitle "playchess.com"]
[Source "ChessBase"]
[SourceQuality "1"]

{[%evp 18,48,16,4,21,25,41,20,37,41,28,37,50,0,28,7,60,62,65,53,47,39,47,33,33,12,54,-336,-293,-349,-350,-332,-323]} 1. e4 e5 2. Nf3 Nc6 3. Bb5 g6 4. O-O Bg7 5. c3 a6 6. Ba4 {[%cal Bb5a4,Ba4b3,Bb3c4][%mdl 32]} d6 7. d4 Bd7 8. d5 Nce7 9. c4 {C76: Ruy Lopez: Deferred Steinitz: 5 c3 Bd7 6 d4 g6} (9. Bxd7+ Qxd7 10. c4 h6 11. Nc3 f5 12. exf5 gxf5 13. Ne1 Nf6 14. f4 e4 15. Nc2 c5 16. dxc6 bxc6 17. Be3 O-O 18. Qd2 c5 19. h3 Qe6 {1-0 (51) Zhao,J (2604)-Sargissian,G (2672) Riadh 2017}) 9... b5 10. Bb3 {LiveBook: 11 Games} bxc4 11. Bxc4 {The position is equal.} h6 12. Qe2 f5 13. Nc3 Nf6 $146 ({Predecessor:} 13... Qc8 14. b3 f4 15. Ba3 g5 16. Nd2 g4 {0-1 (77) Moradi,A (2259)-Mahdavi,H (2110) Hamedan 2018}) 14. exf5 gxf5 15. Bd2 a5 16. Rfd1 Ng6 (16... Nh7 $11) 17. Nd4 $1 $14 O-O 18. Nc6 Qc8 19. f3 $36 {[%mdl 2048] White has the initiative.} Kh8 20. Be3 Qe8 21. Rac1 Qf7 22. Qd2 $2 {[%mdl 8192] [#]} (22. b3 $14 {stays ahead.}) 22... Bxc6 {Black has a decisive advantage.} 23. dxc6 Qxc4 24. Bxh6 Qf7 {Accuracy: White = 35%, Black = 42%.} ({Weaker is} 24... Qxc6 25. Nd5 $17) 0-1

[Event "V Sunway Sitges Open 2018"]
[Site "Sitges"]
[Date "2018.12.17"]
[Round "4"]
[White "Dragnev, Valentin"]
[Black "Peralta, Fernando"]
[Result "1/2-1/2"]
[WhiteElo "2483"]
[BlackElo "2584"]
[Annotator "ChessBase"]
[PlyCount "61"]
[EventDate "2018.12.14"]
[EventType "swiss"]
[EventCountry "ESP"]
[SourceTitle "playchess.com"]
[Source "ChessBase"]
[SourceQuality "1"]
[TimeControl "40/5400+30:1800+30"]

1. c4 {[%emt 0:00:00]} Nf6 {[%emt 0:01:58]} 2. Nf3 {[%emt 0:00:11]} e6 {[%emt 0:00:17]} 3. g3 {[%emt 0:00:16]} d5 {[%emt 0:00:28]} 4. d4 {[%emt 0:00:20]} Bb4+ {[%emt 0:00:37]} 5. Nc3 {[%emt 0:00:14]} O-O {[%emt 0:00:59]} 6. Bg2 {[%emt 0:00:03]} dxc4 {[%emt 0:00:10]} 7. O-O {[%emt 0:00:08]} Nc6 {[%emt 0:00:06]} 8. Qa4 {[%emt 0:00:10]} Nd5 {[%emt 0:06:53]} 9. Qc2 {[%emt 0:00:47]} Be7 {[%emt 0:02:19]} 10. Rd1 {[%emt 0:01:05]} b6 {[%emt 0:05:34]} 11. e4 {[%emt 0:16:01]} Ncb4 {[%emt 0:04:04]} 12. Qd2 {[%emt 0:11:07]} Nxc3 {[%emt 0:05:07]} 13. Qxc3 {[%emt 0:00:06]} Bb7 {[%emt 0:01:38]} 14. Ne1 {[%emt 0:00:46]} b5 {[%emt 0:09:25]} 15. b3 {[%emt 0:02:15]} cxb3 {[%emt 0:05:13]} 16. Qxb3 {[%emt 0:01:49]} a5 {[%emt 0:15:41]} 17. a3 {[%emt 0:16:41]} a4 {[%emt 0:00:12]} 18. Qc3 {[%emt 0:00:23]} Nc6 {[%emt 0:14:20]} 19. Bb2 {[%emt 0:05:30]} b4 {[%emt 0:03:19]} 20. axb4 {[%emt 0:03:55]} Bxb4 {[%emt 0:00:13]} 21. Qc4 {[%emt 0:00:30]} a3 {[%emt 0:15:16]} 22. Bc3 {[%emt 0:00:42]} Ra4 {[%emt 0:00:34]} 23. d5 {[%emt 0:14:46]} Bxc3 {[%emt 0:01:33]} 24. Qxc3 {[%emt 0:10:27]} exd5 {[%emt 0:00:06]} 25. exd5 {[%emt 0:00:20]} Na5 {[%emt 0:00:13]} 26. Rxa3 {[%emt 0:03:41]} Rxa3 {[%emt 0:00:08]} 27. Qxa3 {[%emt 0:00:05]} Nc4 {[%emt 0:00:09]} 28. Qc5 {[%emt 0:00:54]} Nd6 {[%emt 0:00:19]} 29. Rc1 {[%emt 0:00:31]} Re8 {[%emt 0:00:45]} 30. Nd3 {[%emt 0:00:20]} Re7 {[%emt 0:01:25]} 31. h4 {[%emt 0:02:55]} 1/2-1/2

[Event "V Sunway Sitges Open 2018"]
[Site "Sitges"]
[Date "2018.12.17"]
[Round "4"]
[White "Pogonina, Natalija"]
[Black "Sarkar, Justin"]
[Result "1/2-1/2"]
[WhiteElo "2465"]
[BlackElo "2332"]
[Annotator "TA"]
[PlyCount "85"]
[EventDate "2018.12.14"]
[EventType "swiss"]
[EventCountry "ESP"]
[SourceTitle "playchess.com"]
[Source "ChessBase"]
[SourceQuality "1"]

{[%evp 20,85,11,0,9,4,14,12,24,26,23,18,29,42,12,9,25,24,42,37,56,55,54,51,48,59,57,47,48,44,48,52,51,50,43,43,45,29,36,33,59,59,59,56,60,56,60,60,58,42,52,16,16,16,17,15,7,7,25,8,8,8,16,16,16,16,16,22]} 1. d4 Nf6 2. c4 e6 3. Nf3 b6 4. g3 Bb7 5. Bg2 Bb4+ 6. Nbd2 O-O 7. O-O Be7 8. Qc2 d5 9. cxd5 exd5 10. Ne5 c5 11. b3 {LiveBook: 6 Games. E16: Queen's Indian: 4 g3 Bb7 5 Bg2 Bb4+} (11. dxc5 bxc5 12. Rd1 Qc8 13. Nb3 a5 14. Be3 Na6 15. Rac1 d4 16. Bxb7 Qxb7 17. Bg5 Nb4 18. Qb1 a4 19. Nd2 Qd5 {½-½ (150) Nakamura,H (2787)-Harikrishna,P (2763) chess.com INT 2016}) 11... Nbd7 12. Bb2 Rc8 {[#] White must now prevent ...cxd4.} 13. Qd3 {[#]} Nb8 $146 ({Predecessor:} 13... Re8 14. Rac1 Rc7 15. Rfd1 Nf8 16. e3 Bd6 17. h3 Ne6 18. f4 Qc8 {0-1 (35) Beliavsky,A (2590)-Psakhis,L (2535) Vilnius (Lithuania) 1980}) 14. Rac1 Ba6 15. Qf3 Nc6 16. Nxc6 Rxc6 17. Rfe1 Qd7 18. dxc5 Bxc5 19. a3 Rfc8 20. b4 Be7 21. Rxc6 Qxc6 22. Bh3 {[%cal Bg2h3,Bh3f5,Bf5d3][%mdl 32]} Rd8 23. Rc1 Qd6 24. Bf5 g6 25. Bd3 Bb7 26. Nb3 Rc8 27. Rxc8+ Bxc8 28. Nd4 Bd7 29. Bc2 Ne4 30. Bxe4 dxe4 31. Qxe4 Bf6 32. Qa8+ Kg7 33. e3 Bh3 34. Qf3 {[#] aiming for g4.} ({Don't go for} 34. Qxa7 $2 Qd5 $19) 34... Qd7 35. b5 (35. Qe4 {keeps more tension.} h6 36. f3 Kh7 37. Qc2 Bxd4 38. Bxd4 Qb5 39. Qd1) 35... Qg4 36. Qxg4 Bxg4 37. f4 Bxd4 38. Bxd4+ $11 {KB-KB} f6 39. a4 Bd1 {The position is equal.} 40. a5 Be2 41. axb6 axb6 42. Bxb6 Bxb5 43. Kf2 {Accuracy: White = 75%, Black = 48%.} 1/2-1/2

[Event "V Sunway Sitges Open 2018"]
[Site "Sitges"]
[Date "2018.12.17"]
[Round "4"]
[White "Wang, Kevin"]
[Black "Vaishali R"]
[Result "1-0"]
[WhiteElo "2449"]
[BlackElo "2329"]
[Annotator "TA"]
[PlyCount "121"]
[EventDate "2018.12.14"]
[EventType "swiss"]
[EventCountry "ESP"]
[SourceTitle "playchess.com"]
[Source "ChessBase"]
[SourceQuality "1"]

{[%evp 15,121,33,35,39,26,-8,3,-43,52,55,67,70,78,-12,-14,-7,-5,-15,-8,-21,-36,-40,-33,-49,-57,-60,-53,-58,-49,-41,35,38,37,38,30,31,23,23,27,24,83,83,77,64,52,42,79,80,84,95,120,120,124,120,125,119,133,130,139,130,123,108,128,129,130,129,126,126,131,125,177,172,339,337,330,334,307,322,325,312,415,432,428,425,408,420,414,402,375,381,511,508,770,712,937,526,854,822,778,722,2215,1843,6455,6390,6095,6207,5072,1275]} 1. d4 d5 2. c4 Nc6 3. Nc3 Nf6 4. Nf3 dxc4 5. e4 Bg4 6. Be3 e6 7. Bxc4 Bb4 8. Qd3 Bh5 {LiveBook: 6 Games. D07: Queen's Gambit: Chigorin Defence} 9. O-O (9. a3 Bxc3+ 10. bxc3 Bg6 11. Nd2 Nxe4 12. Nxe4 Qh4 13. O-O Qxe4 14. Qe2 O-O 15. Rac1 Ne7 16. Qb2 {0-1 (48) Stojanovic,M (2493)-Miladinovic,I (2535) Ruma 2017}) 9... O-O 10. Ne2 $146 ({Predecessor:} 10. a3 Bxc3 11. bxc3 Bg6 12. Nd2 Nd5 13. f3 Qd6 14. Bf2 Na5 15. Bxd5 Qxd5 16. c4 Qd7 17. Qc3 {½-½ (43) Koch,W (2335)-Neidhardt,C (2429) Germany 2001}) 10... Bg6 {The position is equal.} 11. Ng3 Na5 (11... Bd6 $15) 12. Ne5 $14 c5 13. dxc5 {And now a3 would win.} Qe7 14. c6 ({Of course not} 14. Nxg6 hxg6 15. Qe2 Bxc5 $11) (14. Rac1 $16) 14... Nxc6 $11 15. Nxc6 bxc6 16. Bg5 h6 17. Bh4 Rfd8 18. Qf3 Rd4 19. b3 Rad8 20. Rad1 Rxd1 21. Rxd1 Rxd1+ 22. Qxd1 Qd7 (22... Bh7 $15 23. Bxf6 Qxf6) 23. Qxd7 $14 Nxd7 24. f3 Ne5 25. Ba6 Kf8 26. Ne2 Bc5+ 27. Kf1 f5 (27... f6 $11 {remains equal.}) 28. Bg3 $16 Nd7 29. Bb7 fxe4 30. Nf4 Bf7 31. Bxc6 e5 32. Nh3 Be6 33. Bxe4 Ke7 34. Nf2 Bd4 35. Nd3 Kd6 36. Be1 Bd5 37. Bb4+ Ke6 38. Bg6 Bc6 39. Ke2 Nb6 40. Bf8 Kf6 41. Be4 Be8 42. Bc5 a5 (42... Bxc5 $16 43. Nxc5 Bf7) 43. Kd2 Bb5 $2 (43... g5 {might work better.} 44. g3 Bd7) 44. Bxd4 $18 exd4 {[%mdl 4096] Endgame KBN-KBN} 45. a4 Be8 46. Nc5 Bf7 47. Kc2 Nd5 48. Bxd5 Bxd5 {KB-KN} 49. Ne4+ Ke5 {[#]} 50. Nd2 $1 Kd6 {intending ...Kc5.} 51. Nc4+ Kc5 52. Nxa5 Kb4 {[#]} 53. Nc4 $1 {White is clearly winning.} d3+ (53... Bc6 $142 54. Kd3 Kc5) (53... Bxc4 54. bxc4) 54. Kxd3 Kxb3 55. Nb6 Bc6 56. Kd4 Kb4 57. h4 h5 58. Nd5+ Kxa4 59. Nf4 Be8 60. Ke5 Kb5 61. Kf5 {Accuracy: White = 70%, Black = 47%.} (61. Ne6 $142 Kc6 62. Nxg7) 1-0